[Event "TechM GCL 2025"]
[Site "Mumbai IND"]
[Date "2025.12.18"]
[Round "5.2"]
[White "Khademalsharieh, Sarasadat"]
[Black "Batsiashvili, Nino"]
[Result "0-1"]
[WhiteTitle "IM"]
[BlackTitle "GM"]
[WhiteElo "2414"]
[BlackElo "2462"]
[WhiteTeam "PBG Alaskan Knights"]
[BlackTeam "Alpine SG Pipers"]
[WhiteFideId "12512214"]
[BlackFideId "13602993"]
[EventDate "2025.12.14"]
[EventType "team"]

1. d4 d5 2. Nf3 Nf6 3. g3 e6 4. Bg2 Bd6 5. O-O O-O 6. b3 b6 7. c4 Bb7 8. Bb2
Nbd7 9. Nbd2 Re8 10. Rc1 c5 11. Rc2 Rc8 12. cxd5 exd5 13. Re1 Qe7 14. Nh4 Qe6
15. dxc5 bxc5 16. Nc4 Bf8 17. Nd2 Bc6 18. Qc1 Ne5 19. Ndf3 Neg4 20. Ng5 Qd7 21.
Bh3 d4 22. f3 Qd5 23. e4 dxe3 24. Bxf6 Nxf6 25. Bxc8 Qxg5 26. Bh3 Nd5 27. Rc4
Bb5 28. Rg4 Qf6 29. Re4 g6 30. Rxe8 Bxe8 31. Qc4 Qd4 32. Ng2 Bg7 33. Nf4 Nxf4
34. gxf4 Bc6 35. Bg2 Qd2 36. Qe2 Bd4 37. a4 Bd5 38. Bf1 Bxf3 39. Qxf3 Qf2+ 0-1

[Event "TechM GCL 2025"]
[Site "Mumbai IND"]
[Date "2025.12.18"]
[Round "5.2"]
[White "Dardha, Daniel"]
[Black "Mendonca, Leon Luke"]
[Result "0-1"]
[WhiteTitle "GM"]
[BlackTitle "GM"]
[WhiteElo "2603"]
[BlackElo "2615"]
[WhiteTeam "PBG Alaskan Knights"]
[BlackTeam "Alpine SG Pipers"]
[WhiteFideId "240990"]
[BlackFideId "35028561"]
[EventDate "2025.12.14"]
[EventType "team"]

1. Nf3 Nf6 2. b3 b6 3. g3 Bb7 4. Bg2 g6 5. Bb2 Bg7 6. c4 O-O 7. O-O e6 8. d4 Qe7
9. Qc2 c5 10. dxc5 bxc5 11. Nc3 Rd8 12. Rfd1 Nc6 13. e3 d6 14. Rac1 Rac8 15. Qb1
Nb4 16. Nd2 Bxg2 17. Kxg2 d5 18. cxd5 exd5 19. Nf3 Qb7 20. Na4 Ne4 21. Bxg7 Kxg7
22. a3 Na6 23. Qb2+ Kg8 24. Nc3 Nf6 25. Nb1 Rd6 26. Nbd2 Re8 27. Kg1 Rb6 28. Qc3
Qe7 29. Qa5 Ng4 30. Qa4 h5 31. Re1 Nf6 32. Kg2 Kg7 33. Qf4 Nc7 34. Qh4 Ra6 35.
a4 Rb6 36. Kg1 Ne6 37. Qh3 Rb4 38. Qf1 Qb7 39. Qd3 Kg8 40. Qc3 Ne4 41. Nxe4 Rxe4
42. Nd2 Rb4 43. Qd3 Rd8 44. h4 c4 45. bxc4 dxc4 46. Qc3 Rd3 47. Qc2 Rb2 0-1

[Event "TechM GCL 2025"]
[Site "Mumbai IND"]
[Date "2025.12.18"]
[Round "5.3"]
[White "Artemiev, Vladislav"]
[Black "Keymer, Vincent"]
[Result "1/2-1/2"]
[WhiteTitle "GM"]
[BlackTitle "GM"]
[WhiteElo "2641"]
[BlackElo "2776"]
[WhiteTeam "Fyers American Gambits"]
[BlackTeam "Ganges Grandmasters"]
[WhiteFideId "24101605"]
[BlackFideId "12940690"]
[EventDate "2025.12.14"]
[EventType "team"]

1. Nf3 d5 2. g3 Nf6 3. Bg2 c5 4. O-O e6 5. c4 d4 6. d3 Nc6 7. e3 e5 8. Na3 h6 9.
exd4 exd4 10. Nc2 Be7 11. b4 cxb4 12. a3 O-O 13. axb4 Nxb4 14. Nfxd4 Nxc2 15.
Nxc2 Bg4 16. Qd2 Qd7 17. Ba3 Bxa3 18. Rxa3 Bh3 19. Ne3 Bxg2 20. Kxg2 Rfd8 21.
Qe2 b5 22. cxb5 Qxb5 23. Rfa1 a5 24. Nc4 a4 25. Qd1 Qc6+ 26. Kg1 h5 27. Rxa4
Rxa4 28. Qxa4 Qc5 29. Qa5 Qd4 30. Rd1 Ng4 31. Qf5 g6 32. Qf3 h4 33. h3 Nf6 34.
g4 Nd5 35. Ne3 Nc3 36. Rd2 1/2-1/2

[Event "TechM GCL 2025"]
[Site "Mumbai IND"]
[Date "2025.12.18"]
[Round "5.3"]
[White "Rapport, Richard"]
[Black "Sindarov, Javokhir"]
[Result "0-1"]
[WhiteTitle "GM"]
[BlackTitle "GM"]
[WhiteElo "2741"]
[BlackElo "2726"]
[WhiteTeam "Fyers American Gambits"]
[BlackTeam "Ganges Grandmasters"]
[WhiteFideId "738590"]
[BlackFideId "14205483"]
[EventDate "2025.12.14"]
[EventType "team"]

1. Nf3 Nf6 2. d4 d5 3. Bf4 c5 4. e3 Nc6 5. Nbd2 Nh5 6. Bg5 h6 7. Bh4 g5 8. Ne5
Nxe5 9. dxe5 Ng7 10. Bg3 Nf5 11. e4 dxe4 12. Nxe4 Qb6 13. Bc4 Qb4+ 14. Nd2 Bg7
15. c3 Qxb2 16. Rb1 Qxc3 17. Rb3 Qa5 18. Bb5+ Kf8 19. Bd3 Nxg3 20. hxg3 Be6 21.
Rxb7 c4 22. Be2 c3 0-1

[Event "TechM GCL 2025"]
[Site "Mumbai IND"]
[Date "2025.12.18"]
[Round "5.3"]
[White "Assaubayeva, Bibisara"]
[Black "Shuvalova, Polina"]
[Result "1-0"]
[WhiteTitle "GM"]
[BlackTitle "IM"]
[WhiteElo "2497"]
[BlackElo "2502"]
[WhiteTeam "Fyers American Gambits"]
[BlackTeam "Ganges Grandmasters"]
[WhiteFideId "13708694"]
[BlackFideId "24171760"]
[EventDate "2025.12.14"]
[EventType "team"]

1. e4 e5 2. Nf3 Nc6 3. Bb5 a6 4. Ba4 Nf6 5. Nc3 Be7 6. Bxc6 dxc6 7. d3 Bd6 8. h3
c5 9. Bg5 h6 10. Bxf6 Qxf6 11. Nd5 Qd8 12. a4 Be6 13. Ne3 b6 14. Qe2 Qd7 15. O-O
a5 16. Nc4 f6 17. Nh4 g5 18. Nf5 Bxf5 19. exf5 Qxf5 20. Ne3 Qe6 21. Qf3 O-O-O
22. Qa8+ Kd7 23. Qe4 Rdf8 24. Nf5 h5 25. Rfe1 Kc8 26. Qa8+ Kd7 27. Qe4 Kc8 28.
c3 Kb8 29. d4 cxd4 30. Nxd4 Qf7 31. Nc6+ Kc8 32. b4 axb4 33. a5 bxa5 34. cxb4 a4
35. Rxa4 Kd7 36. b5 Qb3 37. Rb1 Qe6 38. b6 f5 39. Qd3 cxb6 40. Qb5 Ke8 41. Ra7
Qc8 42. Ne7+ 1-0

[Event "TechM GCL 2025"]
[Site "Mumbai IND"]
[Date "2025.12.18"]
[Round "5.3"]
[White "Injac, Teodora"]
[Black "Tsolakidou, Stavroula"]
[Result "1/2-1/2"]
[WhiteTitle "IM"]
[BlackTitle "IM"]
[WhiteElo "2421"]
[BlackElo "2479"]
[WhiteTeam "Fyers American Gambits"]
[BlackTeam "Ganges Grandmasters"]
[WhiteFideId "932400"]
[BlackFideId "4264312"]
[EventDate "2025.12.14"]
[EventType "team"]

1. Nf3 Nf6 2. g3 g6 3. Bg2 Bg7 4. c4 O-O 5. O-O d6 6. Nc3 e5 7. d3 Nc6 8. Rb1 a5
9. b3 Nh5 10. e4 f5 11. Bg5 Nf6 12. exf5 Bxf5 13. Qd2 Qd7 14. a3 Bh3 15. b4 axb4
16. axb4 Bxg2 17. Kxg2 Rf7 18. b5 Ne7 19. Ra1 Raf8 20. Bxf6 Rxf6 21. Ng5 Rf5 22.
h4 Bh6 23. Nce4 c6 24. bxc6 bxc6 25. Qa2 d5 26. Nc5 Qd6 27. Nce6 Bxg5 28. Nxg5
h6 29. Nh3 g5 30. hxg5 hxg5 31. Qe2 Ng6 32. Ra7 Qf6 33. Qh5 Rf7 34. Rfa1 Rxf2+
35. Nxf2 Qxf2+ 36. Kh1 Qf3+ 37. Qxf3 Rxf3 38. Rc7 Rxd3 39. Raa7 Rd1+ 40. Kg2
Rd2+ 41. Kf1 Nf8 42. Rg7+ Kh8 43. Rgf7 Kg8 44. Rg7+ Kh8 45. Rxg5 e4 46. Rh5+ Kg8
47. Rg5+ Kh8 48. Rf5 Ne6 49. Rff7 Kg8 50. Rfe7 Nf8 51. Rg7+ Kh8 52. Rgf7 Kg8 53.
Ke1 e3 54. cxd5 cxd5 55. Rg7+ Kh8 56. Rgf7 Kg8 57. Rg7+ Kh8 58. Rge7 d4 59. Rf7
Kg8 60. Rg7+ Kh8 61. Rgf7 Kg8 62. Rg7+ Kh8 1/2-1/2

[Event "TechM GCL 2025"]
[Site "Mumbai IND"]
[Date "2025.12.18"]
[Round "5.3"]
[White "Murzin, Volodar"]
[Black "Sadhwani, Raunak"]
[Result "1/2-1/2"]
[WhiteTitle "GM"]
[BlackTitle "GM"]
[WhiteElo "2648"]
[BlackElo "2638"]
[WhiteTeam "Fyers American Gambits"]
[BlackTeam "Ganges Grandmasters"]
[WhiteFideId "44155573"]
[BlackFideId "35093487"]
[EventDate "2025.12.14"]
[EventType "team"]

1. d4 Nf6 2. Nf3 e6 3. c4 b6 4. a3 Bb7 5. Nc3 d5 6. Bf4 dxc4 7. Qa4+ Nbd7 8. e3
Bd6 9. Bxd6 cxd6 10. Bxc4 a6 11. Be2 O-O 12. O-O Qe7 13. Rfc1 Rfc8 14. Qd1 Qd8
15. Rc2 b5 16. Rac1 Nb6 17. Nd2 Nfd5 18. Nxd5 Bxd5 19. Bd3 Rxc2 20. Rxc2 Rc8 21.
Rxc8 Qxc8 22. Qc2 Qxc2 23. Bxc2 Kf8 24. f3 Bb7 25. Kf2 e5 26. b3 exd4 27. exd4
h6 28. Bd3 Ke7 29. Nf1 Bd5 30. Nd2 g5 31. g3 Be6 32. Bc2 f5 33. f4 gxf4 34. gxf4
Nd5 35. Kf3 Kf6 36. Nf1 Ne7 37. Ng3 Nc6 38. Ne2 Na5 39. Nc1 Nc6 40. Ne2 Na5 41.
Nc1 Nc6 1/2-1/2

[Event "TechM GCL 2025"]
[Site "Mumbai IND"]
[Date "2025.12.19"]
[Round "6.1"]
[White "Erigaisi, Arjun"]
[Black "Artemiev, Vladislav"]
[Result "1-0"]
[WhiteTitle "GM"]
[BlackTitle "GM"]
[WhiteElo "2775"]
[BlackElo "2641"]
[WhiteTeam "PBG Alaskan Knights"]
[BlackTeam "Fyers American Gambits"]
[WhiteFideId "35009192"]
[BlackFideId "24101605"]
[EventDate "2025.12.14"]
[EventType "team"]

1. d4 Nf6 2. Nf3 e6 3. Bf4 d5 4. e3 c5 5. c3 Nbd7 6. Nbd2 b6 7. Bd3 Bb7 8. Ne5
Nxe5 9. dxe5 Nd7 10. Qg4 g5 11. Bxg5 Rg8 12. Nf3 Be7 13. Bxe7 Rxg4 14. Bxd8 Rxd8
15. Ke2 Rxg2 16. Rhg1 Rxg1 17. Rxg1 Ke7 18. Bxh7 Rh8 19. Bd3 Rh5 20. h4 Nxe5 21.
Nxe5 Rxe5 22. Rg5 Rxg5 23. hxg5 f6 24. f4 fxg5 25. fxg5 e5 26. Bf5 Kd6 27. Kf3
d4+ 28. Be4 dxc3 29. bxc3 Bc8 30. Bd3 Be6 31. a3 c4 32. Bh7 Bd5+ 33. e4 Be6 34.
g6 b5 35. g7 a5 36. g8=Q Bxg8 37. Bxg8 Kc5 38. Ke3 b4 39. axb4+ axb4 40. cxb4+
Kxb4 41. Kd2 Kb3 42. Bd5 Kb4 43. Kc2 c3 44. Be6 Kc5 45. Kxc3 1-0

[Event "TechM GCL 2025"]
[Site "Mumbai IND"]
[Date "2025.12.19"]
[Round "6.1"]
[White "Dominguez Perez, Leinier"]
[Black "Rapport, Richard"]
[Result "1/2-1/2"]
[WhiteTitle "GM"]
[BlackTitle "GM"]
[WhiteElo "2738"]
[BlackElo "2741"]
[WhiteTeam "PBG Alaskan Knights"]
[BlackTeam "Fyers American Gambits"]
[WhiteFideId "3503240"]
[BlackFideId "738590"]
[EventDate "2025.12.14"]
[EventType "team"]

1. e4 c5 2. Nf3 Nc6 3. d4 cxd4 4. Nxd4 e5 5. Nb5 d6 6. c4 Be6 7. Bd3 Be7 8. O-O
a6 9. N5c3 Bg5 10. Na3 h6 11. Nc2 Nge7 12. Re1 Rc8 13. b3 Bxc1 14. Rxc1 O-O 15.
Bf1 Rc7 16. Qd2 f5 17. Rcd1 Rd7 18. exf5 Nxf5 19. Bd3 Nfd4 20. Nxd4 Nxd4 21. Ne2
Nc6 22. Be4 Qb6 23. Qe3 Qxe3 24. fxe3 Ne7 25. Nc3 Rb8 26. a4 Nc6 27. Rd3 Nb4 28.
Rd2 Kf7 29. Red1 Ke7 30. Bd5 Bf5 31. Be4 Be6 32. Bd5 Bf5 33. Be4 1/2-1/2

[Event "TechM GCL 2025"]
[Site "Mumbai IND"]
[Date "2025.12.19"]
[Round "6.1"]
[White "Lagno, Kateryna"]
[Black "Assaubayeva, Bibisara"]
[Result "1/2-1/2"]
[WhiteTitle "GM"]
[BlackTitle "GM"]
[WhiteElo "2508"]
[BlackElo "2497"]
[WhiteTeam "PBG Alaskan Knights"]
[BlackTeam "Fyers American Gambits"]
[WhiteFideId "14109336"]
[BlackFideId "13708694"]
[EventDate "2025.12.14"]
[EventType "team"]

1. e4 c5 2. Nf3 d6 3. Bb5+ Nd7 4. O-O a6 5. Bxd7+ Bxd7 6. Nc3 Nf6 7. e5 dxe5 8.
Nxe5 e6 9. d4 cxd4 10. Qxd4 Bb5 11. Nxb5 axb5 12. Be3 Qxd4 13. Bxd4 Be7 14. a3
O-O 15. c3 Rfd8 16. Rfe1 Nd5 17. Nd3 Ra6 18. Rad1 Rc8 19. g3 Kf8 20. Re2 Raa8
21. f4 b6 22. Kg2 g6 23. Kf3 Bc5 24. Nb4 Bxb4 25. axb4 Rd8 26. Red2 Ke7 27. g4
Rd7 28. Bf2 Rda7 29. Bh4+ Kf8 30. f5 gxf5 31. gxf5 Ra1 32. Ke4 Rxd1 33. Rxd1 Ra2
34. Rb1 Ke8 35. fxe6 fxe6 36. Bg3 Kd7 37. Be5 Kc6 38. h4 h5 39. Bd4 Kd6 40. Be5+
Kc6 41. Bd4 Kd6 42. Be5+ Kc6 1/2-1/2

[Event "TechM GCL 2025"]
[Site "Mumbai IND"]
[Date "2025.12.19"]
[Round "6.1"]
[White "Khademalsharieh, Sarasadat"]
[Black "Injac, Teodora"]
[Result "1-0"]
[WhiteTitle "IM"]
[BlackTitle "IM"]
[WhiteElo "2414"]
[BlackElo "2421"]
[WhiteTeam "PBG Alaskan Knights"]
[BlackTeam "Fyers American Gambits"]
[WhiteFideId "12512214"]
[BlackFideId "932400"]
[EventDate "2025.12.14"]
[EventType "team"]

1. d4 Nf6 2. g3 c5 3. d5 b5 4. a4 b4 5. c4 bxc3 6. Nxc3 d6 7. Bg2 g6 8. Nh3 Bg7
9. O-O O-O 10. Nf4 Na6 11. Bd2 Ng4 12. h3 Ne5 13. b3 Qb6 14. a5 Qd8 15. Na2 Rb8
16. Rb1 Bf5 17. e4 Bd7 18. Bc3 Nc7 19. b4 Nb5 20. Bd2 c4 21. Nc3 Nd3 22. Nxb5
Bxb5 23. Nxd3 cxd3 24. Rc1 Qd7 25. Qb3 Rfc8 26. Rfe1 Bd4 27. Bf1 a6 28. Bxd3
Qxh3 29. Bxb5 Rxb5 30. Rxc8+ Qxc8 31. Rc1 Qg4 32. Qd3 Be5 33. Kg2 h5 34. Qf3 Qd7
35. Rc6 Qb7 36. Qd3 e6 37. Qc4 exd5 38. exd5 Kg7 39. Bc3 f6 40. Rc7+ 1-0

[Event "TechM GCL 2025"]
[Site "Mumbai IND"]
[Date "2025.12.19"]
[Round "6.1"]
[White "Dardha, Daniel"]
[Black "Murzin, Volodar"]
[Result "1/2-1/2"]
[WhiteTitle "GM"]
[BlackTitle "GM"]
[WhiteElo "2603"]
[BlackElo "2648"]
[WhiteTeam "PBG Alaskan Knights"]
[BlackTeam "Fyers American Gambits"]
[WhiteFideId "240990"]
[BlackFideId "44155573"]
[EventDate "2025.12.14"]
[EventType "team"]

1. e4 c5 2. Nc3 d6 3. Nge2 Nf6 4. h3 a6 5. g4 b5 6. Bg2 Bb7 7. O-O e6 8. d4 b4
9. Na4 cxd4 10. Nxd4 Bxe4 11. Bxe4 Nxe4 12. Qf3 d5 13. c4 bxc3 14. Nxc3 Nxc3 15.
bxc3 Be7 16. c4 O-O 17. Rd1 Bf6 18. cxd5 Qxd5 19. Qxd5 exd5 20. Bf4 Nd7 21. Rac1
Rfc8 22. Nc6 h6 23. Rxd5 Nf8 24. Be5 Bh4 25. Bg3 Bf6 26. h4 Ne6 27. Rdd1 a5 28.
Rc4 a4 29. Rdc1 Re8 30. Rd1 Nf8 31. Rd5 Ng6 32. g5 hxg5 33. hxg5 Bb2 34. Rd7 a3
35. f4 Re3 36. Kg2 Rae8 37. f5 Nf8 38. Rb7 Nh7 39. Ne7+ R3xe7 40. Rxe7 Rxe7 41.
Rc8+ Nf8 42. Bd6 Rd7 43. Rxf8+ Kh7 44. Bf4 Bc3 45. Kf3 Rd3+ 46. Kg4 Rd7 47. Be3
Bb4 48. Rb8 Be7 49. Rb6 g6 50. fxg6+ fxg6 51. Re6 1/2-1/2

[Event "TechM GCL 2025"]
[Site "Mumbai IND"]
[Date "2025.12.14"]
[Round "6.2"]
[White "Caruana, Fabiano"]
[Black "Firouzja, Alireza"]
[Result "1-0"]
[WhiteTitle "GM"]
[BlackTitle "GM"]
[WhiteElo "2795"]
[BlackElo "2762"]
[WhiteTeam "Alpine SG Pipers"]
[BlackTeam "Triveni Continental Kings"]
[WhiteFideId "2020009"]
[BlackFideId "12573981"]
[EventDate "2025.12.14"]
[EventType "team"]

1. c4 g6 2. e4 Bg7 3. d4 d6 4. Nc3 e5 5. d5 a5 6. Bd3 Na6 7. Be3 Bh6 8. Bxh6
Nxh6 9. Qd2 Ng4 10. h3 Nf6 11. Nge2 Qe7 12. g4 Nd7 13. O-O-O Ndc5 14. Bb1 Bd7
15. f4 exf4 16. Qxf4 O-O-O 17. Rdf1 Nb4 18. Kd2 Rdf8 19. Qf6 Kd8 20. Nd4 Qxf6
21. Rxf6 Ke7 22. Rf2 f6 23. a3 Nba6 24. Nce2 a4 25. Bc2 Be8 26. Nf4 Bf7 27. h4
Nd7 28. Bxa4 Ne5 29. Kc3 Nc5 30. Bc2 Nxg4 31. Re2 Ra8 32. Ra1 Ne5 33. a4 g5 34.
Ng2 Bh5 35. Re3 Bg4 36. b4 Ncd7 37. a5 c5 38. dxc6 bxc6 39. Nf5+ Bxf5 40. exf5
h6 41. Be4 Rhc8 42. Ree1 d5 43. Bd3 Kd6 44. Be2 c5 45. b5 d4+ 46. Kb3 Rcb8 47.
hxg5 hxg5 48. Rh1 Re8 49. Ne1 Nf7 50. Bf3 Re3+ 51. Kb2 Rae8 52. Bd5 Nfe5 53. Ra3
Re2+ 54. Kc1 g4 55. Rg1 Rh8 56. Ng2 Rh2 57. a6 Nb6 58. a7 d3 59. Ra6 Nxc4 60.
a8=Q Rc2+ 61. Kb1 Ke5 62. Qb8+ Kd4 63. Ka1 Nxd5 64. Qxh2 Nd2 65. Ra4+ c4 66. Ra3
Nb3+ 67. Rxb3 cxb3 68. Qd6 Kc4 69. Qc6+ Kd4 70. Qd6 Kc4 71. Ne3+ Nxe3 72. Qf4+
Kc3 73. Qxe3 Ra2+ 74. Kb1 Rb2+ 75. Kc1 Rc2+ 76. Kd1 b2 77. Qxd3+ 1-0

[Event "TechM GCL 2025"]
[Site "Mumbai IND"]
[Date "2025.12.19"]
[Round "6.2"]
[White "Giri, Anish"]
[Black "Wei, Yi"]
[Result "1-0"]
[WhiteTitle "GM"]
[BlackTitle "GM"]
[WhiteElo "2760"]
[BlackElo "2754"]
[WhiteTeam "Alpine SG Pipers"]
[BlackTeam "Triveni Continental Kings"]
[WhiteFideId "24116068"]
[BlackFideId "8603405"]
[EventDate "2025.12.14"]
[EventType "team"]

1. d4 Nf6 2. Nf3 d5 3. c3 c5 4. dxc5 e6 5. Be3 Nc6 6. b4 Be7 7. g3 Ng4 8. Bd4 e5
9. h3 exd4 10. hxg4 dxc3 11. Nxc3 Nxb4 12. Qa4+ Nc6 13. Rd1 Bxc5 14. Nxd5 Be6
15. Rh5 Rc8 16. Bh3 g6 17. Qe4 Kf8 18. Qf4 Qa5+ 19. Kf1 gxh5 20. Ng5 Nd8 21. Qe5
Bxd5 22. Qxh8+ Ke7 23. Rxd5 Qc7 24. gxh5 Ne6 25. Nxe6 Qc6 26. Qe5 fxe6 27. Qg7+
Ke8 28. Qg8+ Bf8 29. Bxe6 Rc7 30. Rd8+ 1-0

[Event "TechM GCL 2025"]
[Site "Mumbai IND"]
[Date "2025.12.19"]
[Round "6.2"]
[White "Praggnanandhaa, R"]
[Black "Vidit, Santosh Gujrathi"]
[Result "1-0"]
[WhiteTitle "GM"]
[BlackTitle "GM"]
[WhiteElo "2761"]
[BlackElo "2708"]
[WhiteTeam "Alpine SG Pipers"]
[BlackTeam "Triveni Continental Kings"]
[WhiteFideId "25059530"]
[BlackFideId "5029465"]
[EventDate "2025.12.14"]
[EventType "team"]

1. e4 e5 2. Nf3 Nc6 3. Bc4 Bc5 4. c3 Nf6 5. d3 d6 6. Nbd2 O-O 7. h3 a5 8. Bb3
Be6 9. Bc2 d5 10. Ng5 Re8 11. O-O h6 12. Nxe6 Rxe6 13. Bb3 Qd7 14. exd5 Nxd5 15.
Ne4 Bf8 16. Qf3 Rd8 17. Bd2 Rg6 18. Rad1 Nce7 19. a3 Rb6 20. c4 Nf4 21. d4 Nf5
22. Bxf4 exf4 23. c5 Nh4 24. Qxf4 Rxb3 25. Qxh4 Rxb2 26. Rfe1 Re8 27. Qg3 Kh8
28. Qc3 Qb5 29. Nd2 Rxe1+ 30. Rxe1 a4 31. Qc4 Kg8 32. Qxb5 Rxb5 33. Re8 b6 34.
Rb8 g5 35. Nc4 Kg7 36. cxb6 Rb1+ 37. Kh2 cxb6 38. Rxb6 Rc1 39. Ne3 Bxa3 40. Ra6 1-0

[Event "TechM GCL 2025"]
[Site "Mumbai IND"]
[Date "2025.12.19"]
[Round "6.2"]
[White "Hou, Yifan"]
[Black "Zhu, Jiner"]
[Result "0-1"]
[WhiteTitle "GM"]
[BlackTitle "GM"]
[WhiteElo "2613"]
[BlackElo "2579"]
[WhiteTeam "Alpine SG Pipers"]
[BlackTeam "Triveni Continental Kings"]
[WhiteFideId "8602980"]
[BlackFideId "8608059"]
[EventDate "2025.12.14"]
[EventType "team"]

1. e4 e5 2. Nf3 Nc6 3. Bc4 Bc5 4. O-O Nf6 5. d3 d6 6. c3 a5 7. Bb3 O-O 8. h3 h6
9. Re1 Bd7 10. Nbd2 Ba7 11. Nf1 Ne7 12. Ng3 Ng6 13. d4 a4 14. Bc2 b5 15. Be3 c5
16. Qd2 Re8 17. Rad1 cxd4 18. cxd4 Bb6 19. Re2 Ba5 20. Qc1 Rc8 21. dxe5 dxe5 22.
Nf5 Re6 23. Qb1 Qc7 24. Bd3 Qb8 25. Rc2 Rec6 26. Rxc6 Bxc6 27. b4 axb3 28. axb3
Rd8 29. Rc1 Qb7 30. b4 Bxb4 31. Qxb4 Rxd3 32. Nd6 Qd7 33. Nf5 Bxe4 34. Ng3 Bxf3
35. gxf3 0-1

[Event "TechM GCL 2025"]
[Site "Mumbai IND"]
[Date "2025.12.19"]
[Round "6.2"]
[White "Batsiashvili, Nino"]
[Black "Kosteniuk, Alexandra"]
[Result "1-0"]
[WhiteTitle "GM"]
[BlackTitle "GM"]
[WhiteElo "2462"]
[BlackElo "2483"]
[WhiteTeam "Alpine SG Pipers"]
[BlackTeam "Triveni Continental Kings"]
[WhiteFideId "13602993"]
[BlackFideId "4128125"]
[EventDate "2025.12.14"]
[EventType "team"]

1. d4 Nf6 2. Nf3 e6 3. Bf4 d5 4. e3 c5 5. Nbd2 Nc6 6. c3 Be7 7. Ne5 Nd7 8. Ndf3
f6 9. Nxd7 Bxd7 10. Bd3 O-O 11. h4 cxd4 12. exd4 e5 13. dxe5 fxe5 14. Bxh7+ Kxh7
15. Ng5+ Kg6 16. h5+ Kf6 17. Be3 Bf5 18. g4 d4 19. Qf3 Qd7 20. Rd1 Bd6 21. Ne4+
Ke6 22. gxf5+ Rxf5 23. Qg4 Ne7 24. h6 Kd5 25. h7 Rh8 26. Qxg7 Qc8 27. Bxd4 Kxe4
28. Qg2+ Rf3 29. Rh4+ Kd5 30. Qxf3+ Ke6 31. Rh6+ Kd7 32. Bxe5 1-0

[Event "TechM GCL 2025"]
[Site "Mumbai IND"]
[Date "2025.12.19"]
[Round "6.2"]
[White "Mendonca, Leon Luke"]
[Black "Maurizzi, MarcAndria"]
[Result "0-1"]
[WhiteTitle "GM"]
[BlackTitle "GM"]
[WhiteElo "2615"]
[BlackElo "2611"]
[WhiteTeam "Alpine SG Pipers"]
[BlackTeam "Triveni Continental Kings"]
[WhiteFideId "35028561"]
[BlackFideId "36083534"]
[EventDate "2025.12.14"]
[EventType "team"]

1. d4 d5 2. Nf3 Nf6 3. c4 e6 4. cxd5 exd5 5. Nc3 c6 6. Bf4 Bf5 7. e3 Nbd7 8. Nh4
Be4 9. f3 Bg6 10. g4 Nb6 11. Nxg6 hxg6 12. Qd2 Bd6 13. O-O-O Bxf4 14. exf4 Qd6
15. Re1+ Kd7 16. h4 Rae8 17. Re5 Kc7 18. Bd3 Nfd7 19. Re2 Re7 20. b3 Nc8 21. f5
gxf5 22. Bxf5 Qg3 23. h5 Qxf3 24. Rhe1 Rhe8 25. Kc2 Rxe2 26. Rxe2 Rxe2 27. Qxe2
Qxe2+ 28. Nxe2 Nd6 29. Bxd7 Kxd7 30. Kd3 Ke6 31. Ke3 Kf6 32. Kf4 Ne4 33. Nc1 Ng5
34. Nd3 Ne6+ 35. Ke3 Kg5 36. Ne5 f6 37. Nf7+ Kxg4 38. h6 gxh6 39. Nxh6+ Kh5 40.
Nf5 Kg5 41. Nd6 f5 42. Nxb7 f4+ 43. Kd3 Kg4 44. Nd6 f3 45. Ke3 Nxd4 46. Kf2 Ne6
47. b4 Ng5 48. Nc8 Ne4+ 49. Kf1 f2 50. Kg2 Kf4 51. Nxa7 Ke3 52. Nxc6 Nd2 0-1

[Event "TechM GCL 2025"]
[Site "Mumbai IND"]
[Date "2025.12.14"]
[Round "6.3"]
[White "Vachier-Lagrave, Maxime"]
[Black "Anand, Viswanathan"]
[Result "1/2-1/2"]
[WhiteTitle "GM"]
[BlackTitle "GM"]
[WhiteElo "2734"]
[BlackElo "2743"]
[WhiteTeam "Upgrad Mumba Masters"]
[BlackTeam "Ganges Grandmasters"]
[WhiteFideId "623539"]
[BlackFideId "5000017"]
[EventDate "2025.12.14"]
[EventType "team"]

1. e4 e5 2. Nf3 Nc6 3. Bc4 Bc5 4. c3 Nf6 5. d4 exd4 6. e5 d5 7. Bb5 Ne4 8. cxd4
Bb6 9. Nc3 O-O 10. Be3 Bg4 11. h3 Bh5 12. Rc1 Ne7 13. g4 Bg6 14. h4 f6 15. h5
Nxc3 16. bxc3 Be4 17. Rh3 c6 18. Bd3 Bxf3 19. Rxf3 fxe5 20. dxe5 Bxe3 21. Rxe3
Rf4 22. Rb1 Qc7 23. Rb4 Raf8 24. Rxf4 Rxf4 25. Kf1 c5 26. Kg2 c4 27. Bc2 b5 28.
Kg3 Rf8 29. f4 b4 30. cxb4 Qb6 31. Rf3 d4 32. Be4 d3 33. Bxd3 cxd3 34. Rxd3 h6
35. a3 Kh8 36. Rd6 Qe3+ 37. Qf3 Qe1+ 38. Kh3 Qxe5 39. Rd8 Qf6 40. Rxf8+ Qxf8 41.
Qb7 Ng8 42. Kg3 a5 43. Qb5 axb4 44. Qxb4 Qd8 45. Qc4 Qa8 46. a4 Nf6 47. Qd4 Qc8
48. f5 Qc7+ 49. Kf3 Kh7 50. Qf4 Qc3+ 51. Kg2 Qc2+ 52. Kh3 Qd1 53. Kg3 Qe1+ 54.
Kg2 Qe2+ 55. Kg3 Ne4+ 56. Kh3 Qe1 57. Kg2 Qe2+ 58. Kh3 Qd3+ 59. Kg2 Qc2+ 60. Kf3
Ng5+ 61. Kg3 Qc3+ 62. Kg2 Qc6+ 63. Kh2 Qc2+ 64. Kg3 Qd1 65. Kg2 Qe2+ 66. Kg3
Ne4+ 67. Kh3 Nf2+ 68. Kg3 Nd3 69. Qd4 Ne1 70. Qc3 Qg2+ 71. Kf4 Qf2+ 72. Ke4 Qe2+
73. Kd5 Qd1+ 74. Qd4 Qb3+ 75. Qc4 Qb7+ 76. Qc6 Qb3+ 77. Qc4 Qb7+ 1/2-1/2

[Event "TechM GCL 2025"]
[Site "Mumbai IND"]
[Date "2025.12.19"]
[Round "6.3"]
[White "So, Wesley"]
[Black "Keymer, Vincent"]
[Result "1-0"]
[WhiteTitle "GM"]
[BlackTitle "GM"]
[WhiteElo "2753"]
[BlackElo "2776"]
[WhiteTeam "Upgrad Mumba Masters"]
[BlackTeam "Ganges Grandmasters"]
[WhiteFideId "5202213"]
[BlackFideId "12940690"]
[EventDate "2025.12.14"]
[EventType "team"]

1. e4 e5 2. Nc3 Nf6 3. g3 Bc5 4. Bg2 O-O 5. Nge2 d6 6. O-O a5 7. d4 exd4 8. Nxd4
Re8 9. h3 Nbd7 10. Kh2 a4 11. b3 axb3 12. cxb3 Bb4 13. Nde2 h6 14. Qc2 Ne5 15.
f4 Ng6 16. a3 Bd7 17. Bb2 Bc5 18. b4 Ba7 19. Rad1 h5 20. Nd5 Nxd5 21. Rxd5 h4
22. Rg5 Ne5 23. gxh4 f6 24. Rg3 Nf7 25. e5 f5 26. exd6 Qxh4 27. Rxg7+ Kf8 28.
Qxc7 Rad8 29. Ng3 Nh6 30. Rxd7 Rc8 31. Bg7+ Kg8 32. Bd5+ 1-0